MARC details
| 000 -CABECERA |
| campo de control de longitud fija |
01868cam a2200517 a 4500 |
| 001 - NÚMERO DE CONTROL |
| campo de control |
000013034 |
| 005 - FECHA Y HORA DE LA ÚLTIMA TRANSACCIÓN |
| campo de control |
20260325092010.0 |
| 008 - DATOS DE LONGITUD FIJA--INFORMACIÓN GENERAL |
| campo de control de longitud fija |
940329s1993 ve b 000 0 spa |
| 020 ## - NÚMERO INTERNACIONAL ESTÁNDAR DEL LIBRO |
| Número Internacional Estándar del Libro |
9806276116 |
| 040 ## - FUENTE DE LA CATALOGACIÓN |
| Centro catalogador/agencia de origen |
DO-SdBNP |
| Lengua de catalogación |
spa |
| Centro/agencia transcriptor |
LC |
| Centro/agencia modificador |
BNPHU |
| 082 ## - NÚMERO DE LA CLASIFICACIÓN DECIMAL DEWEY |
| Número de clasificación |
345.8701 |
| Número de documento/Ítem |
B849d |
| 049 ## - FONDOS LOCALES (OCLC) |
| Fondos de biblioteca |
BNGR |
| 100 1# - ENTRADA PRINCIPAL--NOMBRE DE PERSONA |
| Nombre de persona |
Briceno V., Gustavo. |
| 9 (RLIN) |
30099 |
| 245 13 - MENCIÓN DE TÍTULO |
| Título |
El defensor del pueblo en Venezuela : |
| Resto del título |
la figura del Ombudsman / |
| Mención de responsabilidad, etc. |
José Guillermo Andueza ... [et al.]. ; presentación Gustavo Briceno Vivas. |
| 260 ## - PUBLICACIÓN, DISTRIBUCIÓN, ETC. |
| Lugar de publicación, distribución, etc. |
Caracas : |
| Nombre del editor, distribuidor, etc. |
Kinesis, |
| Fecha de publicación, distribución, etc. |
1993. |
| 300 ## - DESCRIPCIÓN FÍSICA |
| Extensión |
357 p. ; |
| Dimensiones |
21 cm. |
| 500 ## - NOTA GENERAL |
| Nota general |
"Libro homenaje a Orlando Tovar". |
| 650 #4 - PUNTO DE ACCESO ADICIONAL DE MATERIA--TÉRMINO DE MATERIA |
| Término de materia o nombre geográfico como elemento de entrada |
Defensor del pueblo |
| Subdivisión geográfica |
Venezuela |
| 9 (RLIN) |
30100 |
| 650 #0 - PUNTO DE ACCESO ADICIONAL DE MATERIA--TÉRMINO DE MATERIA |
| Término de materia o nombre geográfico como elemento de entrada |
Poder judicial |
| 9 (RLIN) |
556 |
| 700 1# - PUNTO DE ACCESO ADICIONAL--NOMBRE DE PERSONA |
| Nombre de persona |
Briceño Vivas, Gustavo. |
| 9 (RLIN) |
30101 |
| 700 1# - PUNTO DE ACCESO ADICIONAL--NOMBRE DE PERSONA |
| Nombre de persona |
Andueza Acuna, José Guillermo. |
| 9 (RLIN) |
30102 |
| 700 1# - PUNTO DE ACCESO ADICIONAL--NOMBRE DE PERSONA |
| Nombre de persona |
Arrieta, Raúl. |
| 9 (RLIN) |
30103 |
| 700 1# - PUNTO DE ACCESO ADICIONAL--NOMBRE DE PERSONA |
| Nombre de persona |
Briceño Vivas, Gustavo. |
| 9 (RLIN) |
30101 |
| 700 1# - PUNTO DE ACCESO ADICIONAL--NOMBRE DE PERSONA |
| Nombre de persona |
Caldera, Rafael. |
| 9 (RLIN) |
20912 |
| 700 1# - PUNTO DE ACCESO ADICIONAL--NOMBRE DE PERSONA |
| Nombre de persona |
Cartañá, Antonio. |
| 9 (RLIN) |
30104 |
| 700 1# - PUNTO DE ACCESO ADICIONAL--NOMBRE DE PERSONA |
| Nombre de persona |
Combellas, Ricardo. |
| 9 (RLIN) |
30105 |
| 700 1# - PUNTO DE ACCESO ADICIONAL--NOMBRE DE PERSONA |
| Nombre de persona |
Duque Corredor, Román J. |
| 9 (RLIN) |
30106 |
| 700 1# - PUNTO DE ACCESO ADICIONAL--NOMBRE DE PERSONA |
| Nombre de persona |
Fernández, Fernando M. |
| 9 (RLIN) |
30107 |
| 700 1# - PUNTO DE ACCESO ADICIONAL--NOMBRE DE PERSONA |
| Nombre de persona |
Fernández V., María H. |
| 9 (RLIN) |
30108 |
| 700 1# - PUNTO DE ACCESO ADICIONAL--NOMBRE DE PERSONA |
| Nombre de persona |
García, Marisol. |
| 9 (RLIN) |
30109 |
| 700 1# - PUNTO DE ACCESO ADICIONAL--NOMBRE DE PERSONA |
| Nombre de persona |
Gil Robles, Alvaro. |
| 9 (RLIN) |
30110 |
| 700 1# - PUNTO DE ACCESO ADICIONAL--NOMBRE DE PERSONA |
| Nombre de persona |
Gil Delgado. |
| 9 (RLIN) |
30111 |
| 700 1# - PUNTO DE ACCESO ADICIONAL--NOMBRE DE PERSONA |
| Nombre de persona |
Guerón, Carlos. |
| 9 (RLIN) |
30112 |
| 700 1# - PUNTO DE ACCESO ADICIONAL--NOMBRE DE PERSONA |
| Nombre de persona |
Hochman, Issac. |
| 9 (RLIN) |
30113 |
| 700 1# - PUNTO DE ACCESO ADICIONAL--NOMBRE DE PERSONA |
| Nombre de persona |
Muñoz, Freddy. |
| 9 (RLIN) |
30114 |
| 700 1# - PUNTO DE ACCESO ADICIONAL--NOMBRE DE PERSONA |
| Nombre de persona |
Omaña Parés, Gustavo Adolfo. |
| 9 (RLIN) |
30115 |
| 700 1# - PUNTO DE ACCESO ADICIONAL--NOMBRE DE PERSONA |
| Nombre de persona |
Reyes S. Pedro Miguel. |
| 9 (RLIN) |
30116 |
| 700 1# - PUNTO DE ACCESO ADICIONAL--NOMBRE DE PERSONA |
| Nombre de persona |
Rondón de Sansó, Hildegard. |
| 9 (RLIN) |
30117 |
| 700 1# - PUNTO DE ACCESO ADICIONAL--NOMBRE DE PERSONA |
| Nombre de persona |
Roth, Nelson. |
| 9 (RLIN) |
30118 |
| 700 1# - PUNTO DE ACCESO ADICIONAL--NOMBRE DE PERSONA |
| Nombre de persona |
Salgueiro, Adolfo P. |
| 9 (RLIN) |
30119 |
| 700 1# - PUNTO DE ACCESO ADICIONAL--NOMBRE DE PERSONA |
| Nombre de persona |
Salvuchi Salgado, José G. |
| 9 (RLIN) |
30120 |
| 700 1# - PUNTO DE ACCESO ADICIONAL--NOMBRE DE PERSONA |
| Nombre de persona |
Sarmiento Núñez, José Gabriel. |
| 9 (RLIN) |
30121 |
| 700 1# - PUNTO DE ACCESO ADICIONAL--NOMBRE DE PERSONA |
| Nombre de persona |
Sosa, Cecilia. |
| 9 (RLIN) |
30122 |
| 700 1# - PUNTO DE ACCESO ADICIONAL--NOMBRE DE PERSONA |
| Nombre de persona |
Tejera París, Enrique. |
| 9 (RLIN) |
30123 |
| 910 ## - DATOS DE OPCIÓN DEL USUARIO (OCLC) |
| Datos de opción del usuario |
Catalogación por copia / LC |